[Event "Budapest FS09 GM"]
[Site "Budapest"]
[Date "2024.09.07"]
[Round "1"]
[White "Sathvik, Adiga"]
[Black "Ohanyan, Emin"]
[Result "0-1"]
[WhiteElo "2378"]
[BlackElo "2514"]
[PlyCount "68"]
[EventDate "2024.09.07"]
[EventType "tourn"]
[EventRounds "9"]
[EventCountry "HUN"]
[EventCategory "6"]
[SourceTitle "EXT 2025"]
[Source "ChessBase"]
[SourceDate "2024.10.14"]
[SourceVersion "1"]
[SourceVersionDate "2024.10.14"]
[SourceQuality "1"]

1. e4 e5 2. Nf3 Nc6 3. Bc4 Bc5 4. c3 Nf6 5. d3 0-0 6. 0-0 d5 7. exd5 Nxd5 8. Re1 Bg4 9. Nbd2 Nb6 10. h3 Bh5 11. b4 Bd6 12. Bb3 Kh8 13. a4 a6 14. Ne4 f5 15. Ng3 Bg6 16. Bg5 Qd7 17. a5 Nc8 18. Nh4 Be8 19. Bd2 N8e7 20. f4 exf4 21. Be6 Qd8 22. Ne2 g5 23. Nf3 Ng6 24. d4 Qf6 25. Qb3 Nd8 26. Bd5 c6 27. Bc4 g4 28. Ne5 f3 29. Nf4 Qh4 30. Nfxg6+ Bxg6 31. Rf1 Bxe5 32. dxe5 Qg3 33. Rf2 gxh3 34. Be1 fxg2 0-1

[Event "Abu Dhabi op-A 30th"]
[Site "Abu Dhabi"]
[Date "2024.08.22"]
[Round "7"]
[White "Harsh, Suresh"]
[Black "Ohanyan, Emin"]
[Result "1/2-1/2"]
[WhiteElo "2418"]
[BlackElo "2519"]
[PlyCount "50"]
[EventDate "2024.08.15"]
[EventType "swiss"]
[EventRounds "9"]
[EventCountry "UAE"]
[SourceTitle "EXT 2025"]
[Source "ChessBase"]
[SourceDate "2024.10.14"]
[SourceVersion "1"]
[SourceVersionDate "2024.10.14"]
[SourceQuality "1"]

1. e4 e5 2. Nf3 Nc6 3. Bc4 Nf6 4. Ng5 d5 5. exd5 Na5 6. Bb5+ c6 7. dxc6 bxc6 8. Qf3 h6 9. Ne4 cxb5 10. Nxf6+ gxf6 11. Qxa8 Qd7 12. Qf3 Bb7 13. Qe2 Bxg2 14. Rg1 Rg8 15. d3 Nc6 16. Be3 Bf3 17. Qf1 Rxg1 18. Qxg1 Nd4 19. Kd2 e4 20. Nc3 Nxc2 21. Kxc2 Qxd3+ 22. Kb3 Qc4+ 23. Kc2 Qd3+ 24. Kb3 Qc4+ 25. Kc2 Qd3+ 1/2-1/2

[Event "Abu Dhabi Masters Online"]
[Site "Chess.com INT"]
[Date "2024.08.21"]
[Round "6"]
[White "Ohanyan, Emin"]
[Black "Ambartsumova, Karina"]
[Result "1-0"]
[WhiteElo "2519"]
[BlackElo "2404"]
[PlyCount "67"]
[EventDate "2024.08.21"]
[EventType "swiss (blitz)"]
[EventRounds "11"]
[EventCountry "UAE"]
[SourceTitle "CBM 221 Extra"]
[Source "ChessBase"]
[SourceDate "2024.09.30"]
[SourceVersion "1"]
[SourceVersionDate "2024.09.30"]
[SourceQuality "1"]

1. d4 Nf6 2. c4 e6 3. Nf3 d5 4. Nc3 Bb4 5. Bg5 h6 6. Bxf6 Qxf6 7. e3 0-0 8. Rc1 dxc4 9. Bxc4 c5 10. 0-0 cxd4 11. Ne4 Qe7 12. Nxd4 a6 13. Be2 e5 14. Nb3 Nc6 15. a3 Rd8 16. Qc2 Bd6 17. Nxd6 Rxd6 18. Rfd1 Rxd1+ 19. Rxd1 Be6 20. Nc5 Rc8 21. Nxe6 Qxe6 22. Qb1 Ne7 23. h3 Qb6 24. Rd7 Ng6 25. Qf5 Rf8 26. Bc4 Nh8 27. b4 Qc6 28. Bd5 Qc1+ 29. Kh2 Qxa3 30. Rxb7 Qb2 31. Rb6 Qa3 32. Qxe5 a5 33. bxa5 Rd8 34. a6 1-0

[Event "Abu Dhabi Masters Online"]
[Site "Chess.com INT"]
[Date "2024.08.21"]
[Round "10"]
[White "Ohanyan, Emin"]
[Black "Hong, Andrew Z"]
[Result "0-1"]
[WhiteElo "2519"]
[BlackElo "2572"]
[PlyCount "152"]
[EventDate "2024.08.21"]
[EventType "swiss (blitz)"]
[EventRounds "11"]
[EventCountry "UAE"]
[SourceTitle "CBM 221 Extra"]
[Source "ChessBase"]
[SourceDate "2024.09.30"]
[SourceVersion "1"]
[SourceVersionDate "2024.09.30"]
[SourceQuality "1"]

1. d4 d6 2. e4 g6 3. Nc3 Bg7 4. f4 a6 5. Nf3 b5 6. Bd3 Bb7 7. e5 Nd7 8. Be4 c6 9. 0-0 b4 10. Ne2 d5 11. Bd3 c5 12. c3 e6 13. Be3 Rc8 14. dxc5 bxc3 15. bxc3 Nxc5 16. Bxc5 Rxc5 17. Rb1 Qc7 18. Qb3 Bc8 19. Qa4+ Qd7 20. Qxd7+ Kxd7 21. Rb6 Rc6 22. Rfb1 Rxb6 23. Rxb6 Kc7 24. Rb3 Ne7 25. Nfd4 Nc6 26. Nxc6 Kxc6 27. Nd4+ Kc7 28. Kf2 g5 29. g3 h5 30. c4 dxc4 31. Rc3 Bb7 32. Rxc4+ Kb6 33. Rb4+ Ka7 34. Rc4 Rd8 35. Ke3 Rd7 36. h4 gxh4 37. gxh4 Bf8 38. Be2 Be7 39. Bxh5 Bxh4 40. Bf3 Bd8 41. Bxb7 Kxb7 42. Ke4 Bb6 43. Nf3 Rd5 44. f5 Ra5 45. a4 exf5+ 46. Kxf5 Bd8 47. Nd4 Rd5 48. Nc6 Bc7 49. Kf6 Rd7 50. Nd4 Bb6 51. Nf3 Bd8+ 52. Kf5 Be7 53. Nd4 Bd8 54. Ke4 Bb6 55. Nf5 Bc7 56. Rb4+ Kc6 57. Rc4+ Kb6 58. Ne3 Kb7 59. Nd5 Bd8 60. Rb4+ Kc6 61. Rc4+ Kb7 62. Rc2 Bg5 63. Rb2+ Ka7 64. Rc2 Bd8 65. Rc6 Rb7 66. Kf5 Rb1 67. Rd6 Rf1+ 68. Ke4 Bg5 69. Rd7+ Kb8 70. Nb4 Kc8 71. Ra7 Bd2 72. Nxa6 Rf4+ 73. Kd5 Rxa4 74. Rc7+ Kd8 75. Rc6 Be3 76. Nc5 Rd4# 0-1